| 000 | 01085cam a22002054a 4500 | ||
|---|---|---|---|
| 005 | 20250605164137.0 | ||
| 008 | 250528s ||||||||||||||||||||||||d | ||
| 035 | _a18802 | ||
| 020 | _a33519754 | ||
| 040 |
_aGR-AtMCL _bgre _dGR-AtMCL _eAACR2 |
||
| 245 | 1 | _aMeasuring Health / A Review of Quality of Life Measurement Scales: Second Edition | |
| 250 | _a2nd | ||
| 260 |
_bOpen University Press, _c1997 |
||
| 300 | _a164 | ||
| 520 | _aA comprehensive guide to measures of health and functioning, including psychological well-being, emotional well-being, social networks and support. Preface, Acknowledgements, The Conceptualization of Functioning and Health and Quality of Life, Theory of Measurement, The Measurement of Functional Ability, Broader Measures of Health Status, Measures of Psychological Well-Being, Measuring Social Networks and Social Support, Measures of Life Satisfaction and Morale, Appendix A: A Selection of Useful Scale Distributors and Addresses, References, Index. | ||
| 700 | 1 |
_aBowling Ann _985 |
|
| 942 | _cBK | ||
| 999 |
_c4115 _d4115 |
||